| 000 | 01138nam a2200277 4500 | ||
|---|---|---|---|
| 003 | DO-SdBNP | ||
| 005 | 20240723083724.0 | ||
| 008 | 161207b2010 sp 00| 0 spa d | ||
| 020 | _a9788483690505 (o.c) | ||
| 040 |
_aBPMSU _bspa _cBPMSU |
||
| 082 | 4 |
_a745.5 _bM294pa 2010 _222 |
|
| 245 | 0 | 0 |
_aManualidades para niños : _bpaso a paso / _cMaría García Sáenz ; fotografías David Medina |
| 260 |
_aMadrid : _bCultural , _c 2010 |
||
| 300 |
_33 v. : _bil. : _c26 cm |
||
| 505 | 0 |
_gv. 1. _t La contura; la tela ; la lana; los muñecos ; la cuerda ; la rafia _t |
|
| 505 | 0 |
_gv. 2. _tLas materias naturales ; el modelado ; el corcho ; la paja ; las marionetas _t |
|
| 505 |
_gv. 3. _tEl papel ; la cartulina ; dibujar y pintar ; los envases ; el papel maché |
||
| 590 | _aInventariado, 2024/VM | ||
| 650 | 4 |
_aArtesanías _xLiteratura infantil |
|
| 650 | 4 |
_aTrabajos en papel _xLiteratura infantil |
|
| 650 | 4 |
_aTrabajos manuales (Educación) _xLiteratura infantil |
|
| 700 | 1 |
_aGarcía Sáenz, María _eManualidades |
|
| 700 | 1 |
_aMedina, David _efotografías |
|
| 910 | _aVMateo V. Control de calidad BPMSU | ||
| 942 |
_2ddc _cBK |
||
| 999 |
_c14743 _d14743 |
||